Items for Tafheem-ul-Quran (Vol IV) (Record no. 7322)

000 -LEADER
fixed length control field 00412 a2200133 4500
040 ## - CATALOGING SOURCE
Original cataloging agency DLC
Language of cataloging DLC
082 ## - DEWEY DECIMAL CLASSIFICATION NUMBER
Classification number 297.122521
100 ## - MAIN ENTRY--PERSONAL NAME
Personal name Moududi, S. Abul-ul-Allah
245 ## - TITLE STATEMENT
Title Items for Tafheem-ul-Quran (Vol IV)
Statement of responsibility, etc. Moududi, S. Abul-ul-Allah
Medium [Urdu]
260 ## - PUBLICATION, DISTRIBUTION, ETC.
Place of publication, distribution, etc. Lahore:
Name of publisher, distributor, etc. Idara Tarjaman-ul-Quran,
Date of publication, distribution, etc. 2004.
300 ## - PHYSICAL DESCRIPTION
Extent 708 p. ;
Dimensions 26 cm.
650 ## - SUBJECT ADDED ENTRY--TOPICAL TERM
Topical term or geographic name entry element Quran (Surahs) -- Commentaries
942 ## - ADDED ENTRY ELEMENTS (KOHA)
Koha item type Book
Call number prefix 297.122521 MOD
Source of classification or shelving scheme
Holdings
Withdrawn status Lost status Source of classification or shelving scheme Damaged status Not for loan Permanent Location Current Location Shelving location Date acquired Source of acquisition Cost, normal purchase price Total Checkouts Total Renewals Full call number Barcode Date last seen Date last checked out Price effective from Koha item type
          Central Library (CL) Central Library (CL) General Stacks 08/20/2005 Academic Book company 1190.00 5 7 297.122521 MOD SEECS006320 12/15/2025 06/28/2025 01/05/2017 Book
© 2023 Central Library, National University of Sciences and Technology. All Rights Reserved.